000 00320nam a22001337a 4500
020 _a9698854002
040 _cNUST
082 _a297 IQB
100 _aHussain, Iqbal S.
_9328
245 _aThe Decline of the Muslim Ummah
260 _aLahore:
_bHumanity International,
_c2004.
650 _aIslam
942 _2ddc
_cBK
999 _c594976
_d594976